MARC

Tag First Indicator Second Indicator Subfields
LEADER 00000cam a22000008a 4500
001 in00000023871
005 20151007055543.0
008 880126s1988 nyu 00110 eng
010 |a  87046158  
020 |a 0060159022 :  |c $12.95 
035 |a (OCoLC)17479900 
035 |9 AAB8571AM 
040 |a DLC  |c DLC  |d TXA  |d UtOrBLW 
043 |a n-us--- 
049 |a TXAM  |c [A11521529] 
050 0 0 |a HC110.D4  |b N57 1988 
082 0 |a 306/.0973  |2 19 
100 1 |a Nisbet, Robert A. 
245 1 4 |a The present age :  |b progress and anarchy in modern America /  |c by Robert Nisbet. 
250 |a 1st ed. 
263 |a 8805 
264 1 |a New York :  |b Harper & Row,  |c [1988] 
264 4 |c ©1988 
300 |a xii, 145 pages 
336 |a text  |b txt  |2 rdacontent 
337 |a unmediated  |b n  |2 rdamedia 
338 |a volume  |b nc  |2 rdacarrier 
500 |a Includes index. 
650 0 |a Military readiness  |x Economic aspects  |z United States  |x History  |y 20th century. 
651 0 |a United States  |x Foreign relations  |y 20th century. 
650 0 |a Bureaucracy  |z United States  |x History  |y 20th century. 
650 0 |a Federal government  |z United States  |x History  |y 20th century. 
650 0 |a State, The. 
651 0 |a United States  |x Social conditions. 
650 0 |a World politics  |y 1945-1989. 
650 0 |a Military weapons. 
999 |a MARS 
999 f f |s 275e76c1-81f2-3556-b5f7-01df03f8befd  |i 567eb77b-3f31-3e6b-9dfe-5171524a36c0  |t 0 
952 f f |p ric  |a Texas A&M University  |b Rellis Campus  |c Joint Library Facility  |d Remote Storage  |t 0  |e HC110.D4 N57 1988  |h Library of Congress classification  |i unmediated -- volume  |m A14811521529 
998 f f |a HC110.D4 N57 1988  |t 0  |l Remote Storage